000 02121nam a2200217Ia 4500
003 Ost
005 20260416102401.0
008 260416s9999||||xx |||||||||||||| ||und||
040 _cfsecg
041 _aara
082 _a658.8
100 _aمسعودي، راوية
_eمؤلف
245 0 _aتسويق الخدمات الصحية /
_c راوية مسعودي
260 _aالجزائر
_bجامعة الجزائر3: كلية العلوم الإقتصادية، العلوم التجارية وعلوم التسيير
_c2024
300 _a109 ورقة
_bايضاحات
_c12 سم
504 _aمراجع ص.105
520 _aمفهوم تسويق الخدمات الصحية، ماهيتها ومفهوم التسويق الصحي كذلك عناصر المزيج التسويقي الصحي، البيئة التسويقية للمؤسسات الصحية، البيئة الخارجية المحيطة بها، والبيئة الداخلية للمؤسسة الصحية، مع سوق الخدمات الصحية بالاضافة الى مفهوم السوق الصحي وتجزئته واستهدافه، مع سلوك مستهدف الخدمة الصحية والعوامل المؤثرة على السلوك الشرائي للمستهلك الصحي، مراحل اتخاذ العمل الشرائي للخدمة الصحية، مع مفهوم المنتجات الصحية،مزيج المنتج الصحي ومجالات تطوير الخدمات الصحية، ودورة حياته مع تسعير الخدمات الصحية وتوزيع الخدمات الصحية ومفهوم توزيها مع العوامل المؤثرة على الخدمات الصحية مع كيفية ترويج الخدمات الصحية مع المزيج الترويجي للخدمة الصحية وكذلك الجمهورواستراتيجية تسويق الخدمات الصحية.
653 _aالخدمات الصحية- تسويق
710 _aجامعة الجزائر3: كلية العلوم الإقتصادية، العلوم التجارية وعلوم التسيير
_eناشر علمي
942 _cHANDOUT
999 _c41447
_d41447